Problematika falšovania EURA po vstupe Slovenskej republiky do eurozóny
Problematiku falšovania eura v krátkom čase fungovania eura v podmienkach Slovenskej republiky. Po prvom mesiaci existencie novej meny sa na území Slovenska už objavili prvé prípady falošných eurobankoviek, no aj napriek tomu existuje v skutočnosti relatívne malý počet falšovaných bankoviek a mincí...
Salvato in:
| Autore principale: | |
|---|---|
| Natura: | Capitolo di libro |
| Lingua: | slovacco |
| Soggetti: | |
| Tags: |
Nessun Tag, puoi essere il primo ad aggiungerne!!
|
MARC
| LEADER | 00000nla$a2200000$$$4500 | ||
|---|---|---|---|
| 001 | 0093790 | ||
| 005 | 20240502083237.3 | ||
| 041 | 0 | |a slo | |
| 044 | |a CZ | ||
| 245 | 1 | 0 | |a Problematika falšovania EURA po vstupe Slovenskej republiky do eurozóny |c Marián Vongrej |
| 520 | |a Problematiku falšovania eura v krátkom čase fungovania eura v podmienkach Slovenskej republiky. Po prvom mesiaci existencie novej meny sa na území Slovenska už objavili prvé prípady falošných eurobankoviek, no aj napriek tomu existuje v skutočnosti relatívne malý počet falšovaných bankoviek a mincí v porovnaní s celkovým množstvom pravých mincí a bankoviek v obehu. Prevencia občanov spočíva hlavne v obozretnosti a v reálnom rozpoznaní ochranných prvkov. | ||
| 610 | 2 | 0 | |a euro |
| 610 | 2 | 0 | |a euromena |
| 610 | 2 | 0 | |a Slovensko |
| 610 | 2 | 0 | |a falzifikáty |
| 100 | 1 | |a Vongrej, Marián | |